000 01249nam a22003255i 4500
001 19227
003 ES-MaACL
005 20251013063043.0
007 t|
008 020703s1992 sp ||||0| spa j
017 _aM 16162-1992
_bOficina Depósito Legal Madrid
020 _a8430909990
040 _aM-BN
_bspa
_cM-BN
080 _a008(460)"1939/75"
100 1 _aDíaz, Elías
_944117
_eaut
245 1 0 _aPensamiento español en la era de Franco (1939-1975) /
_cElías Díaz.
250 _aSegunda edición
260 _aMadrid :
_bTecnos,
_c1992.
300 _a221 páginas ;
_c24 cm.
490 1 _aSemilla y surco. Serie de ciencia política
500 _aÍndice.
504 _aBibliografía: páginas 201-207.
651 4 _aEspaña-
_xVida intelectual-
_y1939-1975
_98528
830 0 0 _aSemilla y surco.
_pSerie de ciencia política
_9236736
852 _aES-MaACL
_jL-25661
_bR.131578
_919829
_cDEPO2
_gDedicatoria autógrafa del autor para Lucía Sánchez Piñol (bibliotecaria del Ateneo de Madrid)
_xEncuadernación rústica
_hDonación: Elías Díaz
903 1 _944117
_aDíaz, Elías
_ednr
942 _cMONOGRAFIA
_n0
999 _c19227
_d19227